00516nam a2200193 a 4500001001300000003000900013005001700022008004100039020001000080082001400090100001800104245005400122260004000176300000900216500003500225505002000260650002400280700001800304nice12345678IN_TiNIC20260116011344.0050524s1919 lona grp 000 0 eng  ac10000a201bSMI1 aSmith, George aLife of William Careyb Shoe-Maker and Missionary aLondonbJ. M. Dent & Sons Ltdc1919 a326p aincludes index and biblioraphy2 aAppendix, Index aChristian-Biography1 aSmith, George